| 000 | 00387nam a2200169Ia 4500 | ||
|---|---|---|---|
| 005 | 20250423100518.0 | ||
| 008 | 250422s9999 xx 000 0 und d | ||
| 020 | _a06-138011-3 | ||
| 050 | _aB 804.B36/ | ||
| 245 | 0 | _aPhilosophy In the Twentieth Century | |
| 260 | _aNEW YORK | ||
| 260 | _bHarper & Row | ||
| 260 | _c1962 | ||
| 300 | _a641 p | ||
| 650 | _aPhilisophy | ||
| 942 | _cBK | ||
| 999 |
_c33530 _d33530 |
||